00995nam a2200241 4500001001300000003000400013005001700017008004100034010001700075025002000092040001800112050002300130082001100153111006500164245007200229260002200301300002800323500023700351650004200588710008100630710002500711999001700736sa 68014788 DLC20260227112635.0700212s1965 ii 100 0 eng  asa 68014788  aPL480:I-E-10448 aDLCcDLCdDLC00aLB2301b.C557 196400a378.542 aCollegiate Educational Conference,cHyderabad, India,d1964.00aProceedings of the Collegiate Educational Conference [and seminars. aHyderabad,c1965] aiv, iii, 252 p.c24 cm. a"Organised by Confederation of Affiliated College Teachers' & Managements' Associations, Andhra Pradesh; seminars sponsored by New Science College, Hyderabad; 19th, 20th & 21st December, 1964 at R.B.V.R. Women's College, Hyderabad." 0aEducation, HigherzIndiaxCongresses.2 aConfederation of Affiliated College Teachers' and Managements' Associations.2 aNew Science College. c86051d86051